Normal view
MARC view
- Kraus, Karl,
Entry Personal Name
001 - CONTROL NUMBER
- control field: 11246
003 - CONTROL NUMBER IDENTIFIER
- control field: NUST
005 - DATE AND TIME OF LATEST TRANSACTION
- control field: 20180625125220.0
008 - FIXED-LENGTH DATA ELEMENTS
- fixed length control field: 180625|| aca||aabn | a|a d
040 ## - CATALOGING SOURCE
- Original cataloging agency: NUST
- Transcribing agency: NUST
100 ## - HEADING--PERSONAL NAME
- Personal name: Kraus, Karl,
- Dates associated with a name: 1874-1936.
670 ## - SOURCE DATA FOUND
- Source citation: Work cat.: (NUST)3936: Selected short writings /, 2006.
